| 000 | 00373pab a2200145 454500 | ||
|---|---|---|---|
| 008 | 180718b2000 xxu||||| |||| 00| 0 eng d | ||
| 100 | _aRajpraveen, C.M. | ||
| 245 | _aJoint forest management: conceptual and theoretical issues | ||
| 260 | _c2000 | ||
| 300 | _ap.130-36 | ||
| 362 | _aSep | ||
| 650 | _aForest management | ||
| 773 | _aMan and Development | ||
| 909 | _a46456 | ||
| 999 |
_c46456 _d46456 |
||